000
00232nam a22000977a 4500
999
_c
16214
_d
16214
003
OSt
008
200624b ||||| |||| 00| 0 eng d
100
_a
J P Manickkam
_9
4628
245
_a
physics for the pre universtiy class
942
_c
BK